Miasta, w których odbyły się finały Ligi Mistrzów - Statystyki

Ogólne statystyki
  • Ten quiz został rozwiązany 524 razy
    207 od ostatniego zresetowania
  • Średni wynik to 58 z 69
Statystyki odpowiedzi
Rok finału Miasto % Poprawnych
1963 Londyn
100%
1968 Londyn
100%
1971 Londyn
100%
1978 Londyn
100%
1992 Londyn
100%
2011 Londyn
100%
2013 Londyn
100%
2024 Londyn
100%
1957 Madryt
99%
1969 Madryt
99%
1980 Madryt
99%
2010 Madryt
99%
2019 Madryt
99%
1956 Paryż
99%
1975 Paryż
99%
1981 Paryż
99%
2000 Paryż
99%
2006 Paryż
99%
2022 Paryż
99%
1989 Barcelona
95%
1999 Barcelona
95%
2008 Moskwa
95%
1967 Lizbona
94%
2014 Lizbona
94%
2020 Lizbona
94%
1979 Monachium
94%
1993 Monachium
94%
1997 Monachium
94%
2012 Monachium
94%
1977 Rzym
94%
1984 Rzym
94%
1996 Rzym
94%
2009 Rzym
94%
1959 Berlin
93%
1988 Berlin
93%
2015 Berlin
93%
2018 Kijów
92%
1965 Mediolan
90%
1970 Mediolan
90%
2001 Mediolan
90%
2016 Mediolan
90%
2005 Stambuł
89%
2023 Stambuł
89%
2003 Manchester
87%
2021 Porto
86%
1962 Amsterdam
80%
1998 Amsterdam
80%
1983 Ateny
78%
1994 Ateny
78%
2007 Ateny
78%
1960 Glasgow
73%
1976 Glasgow
73%
2002 Glasgow
73%
1964 Wiedeń
71%
1987 Wiedeń
71%
1990 Wiedeń
71%
1995 Wiedeń
71%
1958 Bruksela
70%
1966 Bruksela
70%
1974 Bruksela
70%
1985 Bruksela
70%
2017 Cardiff
61%
1973 Belgrad
55%
1986 Sewilla
52%
1972 Rotterdam
51%
1982 Rotterdam
51%
1961 Berno
44%
2004 Gelsenkirchen
30%
1991 Bari
11%
Nie znaleziono quizów pasujących do podanych kryteriów
Rozkład punktacji
Procent ludzi z każdym wynikiem
Percentyl według liczby udzielonych odpowiedzi
Twoja historia wyników
Nie rozwiązałeś tego quizu od ostatniego zresetowania